|
|
|
|
| LEADER |
01064nam a2200277 u 4500 |
| 001 |
10119358 |
| 003 |
upatras |
| 005 |
20210117205752.0 |
| 008 |
160308s2012 uk eng |
| 020 |
|
|
|a 9780415664516
|
| 040 |
|
|
|a ΠΑΝΕΠΙΣΤΗΜΙΟ ΠΑΤΡΑΣ
|c ΠΑΝΕΠΙΣΤΗΜΙΟ ΠΑΤΡΑΣ
|
| 041 |
0 |
|
|a eng
|
| 082 |
0 |
4 |
|a 323.44
|
| 100 |
1 |
|
|a Stevenson, Nick
|4 aut
|9 149319
|
| 245 |
1 |
0 |
|a Freedom
|c Nick Stevenson
|
| 260 |
|
|
|a London
|b Routledge
|c 2012
|
| 300 |
|
|
|a 85 σ.
|c 20 εκ.
|
| 490 |
0 |
|
|a Shortcuts : little books in big issues
|
| 504 |
|
|
|a Περιλαμβάνει βιβλιογραφία και ευρετήριο
|
| 650 |
|
4 |
|9 84134
|a Ελευθερία.
|
| 760 |
0 |
|
|a Shortcuts
|
| 852 |
|
|
|a GR-PaULI
|b ΠΑΤΡΑ
|b ΦΙΛΟΣΟΦΙΑ
|k ΑΣΧΞ-4
|h 323.44 STE
|m 11091
|p 025000186492
|t 1
|
| 942 |
|
|
|2 ddc
|c BK15
|
| 952 |
|
|
|0 0
|1 0
|4 0
|6 323_440000000000000_STE
|7 0
|9 190010
|a PHIL
|b PHIL
|d 2016-04-24
|i 11091
|l 0
|o 323.44 STE
|p 025000186492
|r 2016-04-24 00:00:00
|t 1
|w 2016-04-24
|y BK15
|
| 998 |
|
|
|c ΚΑΝΕΛΛΟΠΟΥΛΟΥ
|d 2016-02
|
| 999 |
|
|
|c 117023
|d 117023
|